00721nam a2200205 a 4500001000900000005001700009008004100026020001500067040001800082050002400100100002700124245008000151260003000231300004900261500004500310504003100355650005400386650005300440700002200493BRCA_54220190320203045.0831201s1984 nyua---##b---#001-0#eng-# a0500234086 aDLCcDLCdDLC 4aNK4565.3b.W38 19841 aWatson, Williamd1917-10aTang and Liao ceramicscby William Watson ; [drawings by Virginia Edwards]. aNueva YorkbRizzolic1984 a283 p.bil. (algunas a color), mapasc33 cm. aIncluye glosario e índice alfabético aBibliografía: p. 269-27014aCerámica chinayTang-Quinta dinastía, 618-96014aCerámica chinaySong-Yuan dinastía, 960-13681 aEdwards, Virginia